000 00342nam a22001457a 4500
008 230612b ||||| |||| 00| 0 eng d
020 _a9781584261421
041 _aeng
080 _2SECOND EDITION
_a610.73
082 _a610.73MAK
100 _a7
101 _aINF
245 _aHEALTH INFORMATION MANAGEMENT
_cMAKI.E.SH
942 _2udc
_cBK
999 _c59939
_d59939